Qāmūs al-ʻawāmm /
محفوظ في:
المؤلف الرئيسي:
التنسيق: غير معروف
اللغة: Arabic
منشور في:
Dimashq :
Maṭbaʻat al-Taraqqi,
1923.
الطبعة: al-Ṭabʻah 1.
الموضوعات:
الوسوم: إضافة وسم
لا توجد وسوم, كن أول من يضع وسما على هذه التسجيلة!
رقم الطلب: PJ6817 .D3 1923
| LEADER | 01058am aa2200277a 44500 | ||
|---|---|---|---|
| 003 | OSt | ||
| 005 | 20231010092510.0 | ||
| 008 | 130303s1923 sy c d 000 0 ara d | ||
| 952 | |0 0 |1 0 |2 lcc |4 0 |6 PJ6817 D3 01923 |7 1 |9 50362 |a ARCE |b ARCE |d 2023-10-10 |l 0 |o PJ6817 .D3 1923 |p 1026793 |r 2023-10-10 00:00:00 |w 2023-10-10 |y BK | ||
| 999 | |c 23212 |d 23212 | ||
| 040 | |c ARCE Library | ||
| 043 | |a a-sy--- | ||
| 050 | 4 | |a PJ6817 .D3 1923 | |
| 100 | 1 | |6 880-01 |a Dammūs, Ḥalīm, |e author |9 28585 | |
| 245 | 1 | 0 | |6 880-02 |a Qāmūs al-ʻawāmm / |c [taʼlīf] Ḥalīm Dammūs. |
| 246 | 1 | 4 | |a Dictionnaire populaire. |
| 250 | |a al-Ṭabʻah 1. | ||
| 264 | 1 | |a Dimashq : |b Maṭbaʻat al-Taraqqi, |c 1923. | |
| 300 | |a 311 pages : |b portrait ; |c 22 cm. | ||
| 500 | |a Dictionnaire populaire, par Halim Dammus. | ||
| 650 | 0 | |a Arabic language |v Dictionaries. | |
| 650 | 0 | |a Arabic language |x Dialects |z Syria |z Damascus. | |
| 880 | 1 | |6 100-01/(3/r |a دموس، حليم | |
| 880 | 1 | 0 | |6 245-02/(3/r |a قاموس العوام |c تأليف حليم دموس. |
| 901 | |a reviewed | ||
| 942 | |c BK |2 lcc | ||
